Connaissez-vous vraiment Intouchables ? - Statistiques

Statistiques générales
  • Ce quiz a été pris 462 fois
  • Le résultat moyen est 9 sur 15
Statistiques - réponses
Hint Réponse % Correct
"Pas de bras, pas de _____" chocolat
99%
Quel acteur interprète Driss ? Omar Sy
98%
En quelle année est sorti le film ? 2011
88%
Quel est le point sensible de Philippe ? Les oreilles
86%
Quel acteur interprète Philippe ? François Cluzet
73%
Quel objet vole Driss à Philippe lors de leur première rencontre ? Un oeuf de Fabergé
73%
Quel vêtement Driss refusait de mettre à Philippe au début ? Des bas de contention
67%
Quel évènement a rendu Phlippe tétraplégique ? Un accident de parapente
65%
"T’imprimes t’imprimes t’imprimes et tu te _____" casses
58%
"Bonjour, vous êtes bien aux _____ de Paris, toutes nos lignes sont actuellement occupées, le temps d’attente est d’environs 2 ans." ASSEDIC
54%
"Quoi chut ? C'est un _____ ! C'est un _____ qui chante !" arbre
52%
Citer un des deux réalisateurs du film Olivier Nakache et Éric Toledano
49%
Quelle est la chanson sur laquelle Driss danse lors de l'anniversaire de Philippe ? Boogie Wonderland d'Earth, Wind and Fire
46%
"Mon plus grand handicap, c’est pas d’être en fauteuil, c’est d’être _____." sans elle
15%
Comment s'appelle l'adaptation du film aux Etats-Unis ? The Upside (Sous un autre jour)
8%
Aucun quiz correspondant
Distribution des résultats
% des personnes avec chaque résultat
Percentile par nombre de réponses
Votre historique - résultats
Vous n’avez pas pris ce quiz